Computer, macht und menschenwurde
Gardado en:
| Autor Principal: | |
|---|---|
| Formato: | Libro |
| Idioma: | Undetermined |
| Publicado: |
Munchen Zurich
R.Piper & Co. Verlag
1976
|
| Những chủ đề: | |
| Các nhãn: |
Engadir etiqueta
Sen Etiquetas, Sexa o primeiro en etiquetar este rexistro!
|
| Thư viện lưu trữ: | Trung tâm Học liệu Trường Đại học Cần Thơ |
|---|
| LEADER | 00514nam a2200181Ia 4500 | ||
|---|---|---|---|
| 001 | CTU_95102 | ||
| 008 | 210402s9999 xx 000 0 und d | ||
| 082 | |a 001.64 | ||
| 082 | |b H711 | ||
| 100 | |a Hoffmann, Gerd E. | ||
| 245 | 0 | |a Computer, macht und menschenwurde | |
| 245 | 0 | |c Gerd E. Hoffmann | |
| 260 | |a Munchen Zurich | ||
| 260 | |b R.Piper & Co. Verlag | ||
| 260 | |c 1976 | ||
| 650 | |a Computer and civilization | ||
| 904 | |i Mấy Năm sửa | ||
| 980 | |a Trung tâm Học liệu Trường Đại học Cần Thơ | ||